000 01076nam a22003257a 4500
001 0022832
003 KOHA_MİRAKIL
005 20260207002355.0
007 ta
008 101013b1990 tu |||gr||||#0|||1|tur |
020 _a9754830800
040 _aTR-BiSEU
_btur
_cTR-BiSEU
_erda
041 0 _atur
044 _ctur
050 _aPL248.T65
_bH87 1990
100 1 _aToker, Şevket.
245 1 _aHüseyin Rahmi Gürpınar'ın romanlarında alafranga tipler/
_cŞevket Toker ; Şevket Toker.
264 1 _aİzmir :
_bEge Üniversitesi
_c1990
300 _aX, 193 sayfa; 24 cm.
336 _ametin
_btxt
_2rdacontent
337 _aaracısız
_bn
_2rdamedia
338 _acilt
_bnc
_2rdacarrier
490 1 _aEge Üniversitesi Edebiyat Fakültesi yayını no ;
_v54.
500 _aKaynakça ve dizin var.
650 0 _aGürpınar, Hüseyin Rahmi, 1864-1944--Characters.
_947547
650 0 _aTurkey--Civilization--Western influences.
_96912
830 1 _aEge Üniversitesi Edebiyat Fakültesi yayını no ;
_v54.
_947548
907 _aRoman
942 _2lcc
_cBK
999 _c22788
_d22788